• 首页
  • 本馆介绍
  • 公告通知
  • 最新文献
  • 馆藏检索
  • 电子资源
  • 读者导购
  • 参考咨询
  • 我的图书馆
  • 登录
  • 详细信息显示
  • 放入我的书架
  • 预约/预借图书
  • 作者相关作品
  • 分类相关作品
  • 丛书相关作品
  • 出版社相关作品

书目信息

  • 表格格式
  • 工作单格式
  • 卡片格式
题名:
只有医生知道!
    
 
作者: 张羽 著
分册: 2  
出版信息: 南京   江苏文艺出版社  2013
页数: 308页
开本: 24cm
丛书名:
单 册:
中图分类: R71
科图分类:
主题词: 妇产科病--fu chan ke bing--诊疗
电子资源:
ISBN: 978-7-5399-6595-6
000 00800nam0 22002291 450
001 0124140246
005 20170327142013.59
010    @a978-7-5399-6595-6@dCNY35.00
100    @a20140107d2013 em y0chiy50 ea
101 0  @achi
102    @aCN@b320000
105    @ay z 000yy
106    @ar
200 1  @a只有医生知道!@9zhi you yi sheng zhi dao@h2@f张羽著
210    @a南京@c江苏文艺出版社@d2013
215    @a308页@d24cm
330    @a本书作者通过一个个生动的故事,在幽默而不乏温情的叙述中,力图帮助女性真正了解自己的身体,懂得爱护并且知道如何爱护自己,让女性真正掌握自己的身体、命运和生活的方向,不再受到无谓的伤害。
606 0  @a妇产科病@9fu chan ke bing@x诊疗
690    @aR71@v5
701  0 @a张羽@9zhang yu@c(女)@4著
801  0 @aCN@bTANGWEI@c20170308
905    @b0962707-10@dR71@e31:2@f4
    
    只有医生知道!.2/张羽著.-南京:江苏文艺出版社,2013
    308页;24cm
    
    
    ISBN 978-7-5399-6595-6:CNY35.00
    本书作者通过一个个生动的故事,在幽默而不乏温情的叙述中,力图帮助女性真正了解自己的身体,懂得爱护并且知道如何爱护自己,让女性真正掌握自己的身体、命运和生活的方向,不再受到无谓的伤害。
●
相关链接 在E读中查询图书 在五车中查询图书 在当当中查询图书 在豆瓣中查询图书


正题名:只有医生知道!     索取号:R71/31:2         预约/预借

序号 登录号 条形码 馆藏地/架位号 状态 备注
1 0962707   209627073   第二样本阅览室/ [索取号:R71/31:2] 在馆    
2 0962708   209627082   第三借阅区/ [索取号:R71/31:2] 在馆    
3 0962709   209627091   第三借阅区/ [索取号:R71/31:2] 在馆    
4 0962710   209627108   第三借阅区/ [索取号:R71/31:2] 在馆    
唐山师范学院图书馆 欢迎您!
大连网信软件有限公司© 版权所有